|
|
|
|
| LEADER |
00774nab a2200157 i 4500 |
| 001 |
misc16018 |
| 005 |
20191106142144.0 |
| 008 |
170607s1936 hu o 0|| hun d |
| 040 |
|
|
|a SZTE Miscellanea Repozitórium
|b hun
|
| 041 |
|
|
|a hun
|
| 245 |
0 |
2 |
|a A Görögországgal 1936. évi április hó 2-án aláírt Pótegyezmény és Fizetési egyezmény életbeléptetéséről szóló 1936. április hó 10. napján hatályba lépett 2311/1936. M. E. számú rendelet
|h [elektronikus dokumentum]
|
| 260 |
|
|
|c 1936
|
| 300 |
|
|
|a 312-313a
|
| 490 |
0 |
|
|a Polgári jog : a hazai és külföldi magánjog és hiteljog szemléje
|v 12
|
| 695 |
|
|
|a Pénzügyi politika magyar külföldi fizetési forgalom
|
| 856 |
4 |
0 |
|u http://misc.bibl.u-szeged.hu/16018/1/polgari_jog_1936_312-313a.pdf
|z Dokumentum-elérés
|